रामविलास शर्म/ (Record no. 201615)

MARC details
000 -LEADER
fixed length control field 00751nam a22001817a 4500
005 - DATE AND TIME OF LATEST TRANSACTION
control field 20240320111312.0
010 ## - LCCN (DPL NO)
LC control number HIN-127131
020 ## - INTERNATIONAL STANDARD BOOK NUMBER
International Standard Book Number 9789392228711
Terms of availability 400.00
035 ## - SYSTEM CONTROL NUMBER
System control number HN-99477
037 ## - SOURCE OF ACQUISITION
Source of stock number/acquisition DBAD/PUB
082 ## - DEWEY DECIMAL CLASSIFICATION NUMBER
Classification number 820.08
100 ## - MAIN ENTRY--PERSONAL NAME
Personal name वर्मा अजय
245 ## - TITLE STATEMENT
Title रामविलास शर्म/
Statement of responsibility, etc अजय वर्मा द्वारा लिखित
260 ## - PUBLICATION, DISTRIBUTION, ETC. (IMPRINT)
Place of publication, distribution, etc पटपड़गंज
Name of publisher, distributor, etc सेतु प्रकाशन प्रा. लि.
270 ## - ADDRESS
Address 305, प्रियदर्शिनी अपार्टमेंट
City दिल्ली
Postal code 201301
300 ## - PHYSICAL DESCRIPTION
Extent 160पृष्ठ;
Dimensions 21सेमी(सजिल्द)
942 ## - ADDED ENTRY ELEMENTS (KOHA)
Source of classification or shelving scheme Dewey Decimal Classification
Item type Hindi Books
Classification part 820.08
Call number suffix वर्माअ
Holdings
Withdrawn status Lost status Not for loan Collection code Home library Current library Date acquired Source of acquisition Cost, normal purchase price Full call number Barcode Copy number Cost, replacement price Koha item type
      Non-fiction Peshwa Road Peshwa Road 20/03/2024 DBAD/PUB 400.00 820.08 वर्माअ HN-99477 1 400.00 Hindi Books

© Delhi Public Library
Hit Counter
free hit counter